000 00360 a2200157 4500
001 57437
020 _a9788532262011
040 _cAnchieta - Pituba
100 _aCarrasco, Walcyr
240 1 0 _aVinte mil léguas submarinas
_lpor
245 1 0 _aVinte mil léguas submarinas
300 _a227
362 0 _a2007
650 4 _aLiteratura juvenil
942 _cBK
999 _c57437
_d57437